000 00741nam a2200217 a 4500
001 000025125
005 20240530073919.0
008 110210s2011 dr 000 0 spa d
020 _a9789945002874
040 _aDO-SdBNP
_bspa
_cBNPHU
082 _aRD863.44
_bS211a
100 1 _aSánchez, Federico
_926611
245 1 0 _a... y aunque sea con borrones, escríbeme :
_b(cartas amarillas) novela /
_cFederico Sánchez.
260 _aSanto Domingo :
_bFS Fedor,
_c2011.
300 _axi, 445 p. ;
_c22 cm.
500 _aIncluye datos biográficos del autor en la contracubierta.
590 _aInventariado, 2020/VM
650 0 _aNovela dominicana
_9223
650 0 _aLiteratura dominicana.
_967
910 _aValidado. Control de calidad EMS.
999 _c24618
_d24618